000 00352nam a2200133 i 4500
001 bg
100 1 _aMIKOSZ, Jerzy
245 0 _aPaństwo a ideowo - polityczne organizacje młodzieżowe w Polsce Ludowej /
_cJerzy Mikosz.
260 _aWarszawa,
_c1977.
040 _cBPK
041 _apol
942 _cKS
008 s pl f |000 0 pol
999 _c27006
_d27006
856 _uhttp://koha.tu.koszalin.pl/cgi-bin/koha/opac-detail.pl?biblionumber=27006
_yKatalog online BPK